000
00260nam a2200109Ia 4500
005
20251222154332.0
008
251222s9999||||xx |||||||||||||| ||spa||
082
_a
610/M27
100
_a
"Mascaro Porcar, José M."
245
0
_a
El médico aconseja
942
_c
LIB
999
_c
34202
_d
34202